000 00539nam a2200205Ia 4500
005 20250326130845.0
008 250326s9999 xx 000 0 und d
020 _a0-7506-2239-3
037 _aTextbook
040 _aFMSL
_beng
_cFMSL
041 _aeng
_2eng
084 _aX:513 N5
_qFMSL
100 _aHart N
_9741589
245 0 _aPractice of Advertising
_cHart N
250 _aEd 4
260 _aLondon
_bLondon, Butterworth Heinemann
_c1995
300 _a287p
942 _cTB
_hX:513 N5
999 _c1284415
_d1284415